skbl

Dr Suryya Kumar Bhuyan Library Web-OPAC
ডঃ সূৰ্য্য
কুমাৰ ভূঞা পুথিভঁৰাল ৱেব-অ'পেক

All Research Scholars are advised to clear the annual library fees to continue using Library Resources, Remote Access, Plagiarism Test and Library Clearance.

Cotton University Book Fair 2026

Vinna Bhashar Biswasrestha Chalachhitra (Record no. 57577)

MARC details
000 -LEADER
fixed length control field 00540nam a2200193Ia 4500
001 - CONTROL NUMBER
control field 57672
008 - FIXED-LENGTH DATA ELEMENTS--GENERAL INFORMATION
fixed length control field 140602n ii |||gr||||Z||||||465
020 ## - INTERNATIONAL STANDARD BOOK NUMBER
International Standard Book Number 978-93-82624-41-7
082 ## - DEWEY DECIMAL CLASSIFICATION NUMBER
Classification number 79
245 #0 - TITLE STATEMENT
Title Vinna Bhashar Biswasrestha Chalachhitra
Statement of responsibility, etc. Binoy Mohan Saikia
Medium Textual Documents
250 ## - EDITION STATEMENT
Edition statement Ist ed.
260 ## - PUBLICATION, DISTRIBUTION, ETC.
Place of publication, distribution, etc. G:
Name of publisher, distributor, etc. Bhabani Books.,
Date of publication, distribution, etc. 2013.
300 ## - PHYSICAL DESCRIPTION
Extent 165pg:
Dimensions 23cm.
653 ## - INDEX TERM--UNCONTROLLED
Uncontrolled term Recreational & performing arts
653 ## - INDEX TERM--UNCONTROLLED
Uncontrolled term G- Movie
653 ## - INDEX TERM--UNCONTROLLED
Uncontrolled term World Movie
700 ## - ADDED ENTRY--PERSONAL NAME
Personal name Saikia, Binoy Mohan ,
Relator term Author.
942 ## - ADDED ENTRY ELEMENTS (KOHA)
Source of classification or shelving scheme Dewey Decimal Classification
Koha item type Books
Holdings
Withdrawn status Lost status Damaged status Not for loan Collection Home library Current library Shelving location Date acquired Coded location qualifier Total checkouts Full call number Barcode Date last seen Copy number Price effective from Koha item type
          Dr. Suryya Kumar Bhuyan Library Dr. Suryya Kumar Bhuyan Library   02/06/2014 00000   791.4 Sa 21 Bh 2974/EL 14/01/2024 1 02/06/2014 Books

Designed and Maintained by Team SKBL
©1901-2026

Powered by Koha